Collect and record! Jewish holocaust documentation in early postwar Europe

Bibliographic Details
Main Author: Jockusch, Laura (Author)
Format: Book
Language:English
PhysicalDescription:320 s. fotogr. 24 cm
Published: Oxford New York Oxford University Press 2012
ISBN:9780190259327
Subjects:

MARC

LEADER 00000cam a2200000 a 4500
001 vtls011612997
003 SK-MaSNL
005 20260302052757.0
008 240313s2012 xxko n 001 0 eng
020 |a 9780190259327  |q (brožované) 
040 |a SNK  |b slo  |c SNK  |e AACR2 
041 0 |a eng 
043 |a e------ 
044 |a xxk  |c GB  |a xxu  |c US 
072 7 |a 930  |x Historická veda. Pomocné vedy historické. Archívnictvo  |2 konspekt 
072 7 |a 323  |x Vnútropolitický vývoj, politický život  |2 konspekt 
080 |a 323.12"1939/1945"  |2 2011 
080 |a 930  |2 2011 
080 |a 316.6:159.953  |2 2011 
080 |a (=411.16)  |2 2011 
080 |a (4)  |2 2001 
080 |a (048.8)  |2 2011 
080 |a 94(100)"1939/1945"  |2 2011 
100 1 |a Jockusch, Laura  |4 aut  |9 710010 
245 1 0 |a Collect and record!  |b Jewish holocaust documentation in early postwar Europe  |c Laura Jockusch 
260 |a Oxford  |a New York  |b Oxford University Press  |c 2012 
300 |a 320 s.  |b fotogr.  |c 24 cm 
504 |a Bibliografia na strane 281-307 ; register 
648 7 |a 20. stor.  |2 SNKPH  |9 275975 
648 7 |a 20th century  |2 SNKPHeng  |9 277995 
650 0 7 |a holokaust (1939-1945)  |2 SNKPH  |9 160313 
650 0 7 |a historiografia  |2 SNKPH  |9 3848 
650 0 7 |a kolektívna pamäť  |2 SNKPH  |9 86014 
650 0 7 |a Židia  |2 SNKPH  |9 3760 
650 0 7 |a Holocaust (1939-1945)  |2 SNKPHeng  |9 164372 
650 0 7 |a Historiography  |2 SNKPHeng  |9 266534 
650 0 7 |a Collective memory  |2 SNKPHeng  |9 306317 
650 0 7 |a Jews  |2 SNKPHeng  |9 267345 
650 0 7 |a druhá svetová vojna (1939-1945)  |2 SNKPH  |9 169657 
650 0 7 |a World War (1939-1945)  |2 SNKPHeng  |9 284172 
651 7 |a Európa  |2 SNKPH  |9 167569 
651 7 |a Europe History  |2 SNKPHeng  |9 171722 
655 7 |a monografie  |2 SNKPH  |9 70139 
655 7 |a Monographs  |2 SNKPHeng  |9 120675 
919 |a 978-0-19-025932-7 
958 |a NB 
999 |c 1106610  |d 1108540 
952 |t snkJOC 323.12(=411.16)  |a SNKUST  |b SNKUST  |y PREZ  |7 0  |p 17A1253627  |o snkIC 143123  |i snk2017/4946  |8 3  |g 34.10  |0 0  |1 0  |4 0  |d 2017-02-22  |l 0  |r 2025-05-28 00:00:00  |w 2026-02-24